| 000 -LEADER |
| fixed length control field |
00718nam a22001577a 4500 |
| 003 - CONTROL NUMBER IDENTIFIER |
| control field |
OSt |
| 005 - DATE AND TIME OF LATEST TRANSACTION |
| control field |
20150919094325.0 |
| 008 - FIXED-LENGTH DATA ELEMENTS--GENERAL INFORMATION |
| fixed length control field |
150919b xxu||||| |||| 00| 0 eng d |
| 040 ## - CATALOGING SOURCE |
| Transcribing agency |
RUA |
| 082 ## - DEWEY DECIMAL CLASSIFICATION NUMBER |
| Classification number |
AGR VON 2006 BO33 Or.1 |
| 100 ## - MAIN ENTRY--PERSONAL NAME |
| 9 (RLIN) |
823 |
| Personal name |
VONG, SOMBO |
| 245 ## - TITLE STATEMENT |
| Title |
Development and management process of multipurpoes farm or farmer in takeo and kampong speu province,( ដំណើរការគ្រប់គ្រង និងការះភិវឌ្ឍន៍កសិដ្ខានពុប្រយោជន៍របស់កសិករ នៅខេត្តតាកែវ និងកំពង់ស្ពឺ). |
| 260 ## - PUBLICATION, DISTRIBUTION, ETC. (IMPRINT) |
| Place of publication, distribution, etc. |
phnom phen |
| Name of publisher, distributor, etc. |
RUA |
| Date of publication, distribution, etc. |
2006 |
| 300 ## - PHYSICAL DESCRIPTION |
| Extent |
IX,5Op. |
| Other physical details |
ill. |
| Dimensions |
29cmm. |
| 942 ## - ADDED ENTRY ELEMENTS (KOHA) |
| Source of classification or shelving scheme |
|
| Koha item type |
AGR |